Echelle de mots de Paris à Lyon - Statistiques

Statistiques générales
  • Ce quiz a été pris 12 971 fois
  • Le résultat moyen est 24 sur 33
Statistiques - réponses
Indice Réponse % Correct
Capitale de la France Paris
100%
Maladie dentaire Carie
95%
A joué de l'argent Parie
95%
Dans le pain Mie
94%
A hurlé (enlever une lettre) Crie
92%
La ... est belle Vie
91%
Compagnie (enlever une lettre) Cie
87%
Fait de regarder Voir
81%
Troisième ville la plus peuplée de France Lyon
80%
Roi de la Savane Lion
78%
Département 42 (ajouter une lettre) Loire
77%
Fruit utilisé pour caricaturer Louis-Philippe Poire
76%
Rongeur réputé pour son sommeil Loir
74%
Pièce de jeu Pion
74%
Orifice de la peau (enlever une lettre) Pore
73%
Animal qui fait la roue Paon
72%
La colombe la représente Paix
71%
Baguette ou Ficelle Pain
70%
Coût Prix
69%
Chemin (ajouter une lettre) Voie
69%
Pas Verte Mure
68%
Son émis par la bouche Voix
68%
Bonheur Joie
67%
Matière douce, rare et somptueuse Soie
65%
Belle (ajouter une lettre) Jolie
63%
Demande grâce à une divinité Prie
63%
Pas encore mélangée Pure
63%
Distance anglo-saxonne Mile
60%
Poisson plat Sole
59%
Cible Mire
55%
Unité de quantité de matière Mole
53%
Civile Polie
43%
A rabattu (enlever une lettre) Plie
42%
Aucun quiz correspondant
Distribution des résultats
% des personnes avec chaque résultat
Percentile par nombre de réponses
Votre historique - résultats
Vous n’avez pas pris ce quiz